[Event "Eastern Asia-ch U16"]
[Site "Tornelo INT"]
[Date "2021.10.29"]
[Round "2"]
[White "Biriya, Mohammadamin"]
[Black "Sayandeep, Roy"]
[Result "1-0"]
[WhiteElo "1616"]
[BlackElo "1161"]
[PlyCount "117"]
[EventDate "2021.10.29"]
[EventType "swiss"]
[EventRounds "9"]
[EventCountry "NET"]
[SourceTitle "CBM 205 Extra"]
[Source "ChessBase"]
[SourceDate "2022.01.31"]
[SourceVersion "1"]
[SourceVersionDate "2022.01.31"]
[SourceQuality "1"]

1. d4 d5 2. Bf4 Nf6 3. e3 c5 4. c3 Nc6 5. Nd2 Bf5 6. Qb3 Qb6 7. dxc5 Qxb3 8. axb3 e5 9. Bg3 Bxc5 10. b4 Bd6 11. Ngf3 Nd7 12. Be2 0-0 13. 0-0 a6 14. Nb3 Rfe8 15. Na5 Nxa5 16. Rxa5 Nf6 17. Bh4 Bc7 18. Ra3 Ne4 19. Rd1 Be6 20. Rda1 f6 21. b5 a5 22. b4 b6 23. Ne1 g5 24. Bg3 Nxg3 25. hxg3 Bd6 26. Ra4 Rec8 27. bxa5 bxa5 28. Rxa5 Rxa5 29. Rxa5 Rxc3 30. Ra6 Rc1 31. Rxd6 Rxe1+ 32. Bf1 Bg4 33. f3 Bf5 34. Kf2 Rxf1+ 35. Kxf1 Bd3+ 36. Kf2 Bxb5 37. Rxf6 Kg7 38. Rf5 h6 39. Rxe5 Bc4 40. Re7+ Kf6 41. Rh7 Kg6 42. Rd7 h5 43. e4 dxe4 44. fxe4 Kf6 45. Ke3 Bf1 46. Rd6+ Kf7 47. Rd2 Ke6 48. Kd4 h4 49. gxh4 gxh4 50. Rb2 Ke7 51. Ke5 Ba6 52. Rb6 Bf1 53. Rb7+ Ke8 54. Rg7 Kf8 55. Rg4 Ke7 56. Rg7+ Kf8 57. Kf6 h3 58. gxh3 Bxh3 59. Rh7 1-0

[Event "Eastern Asia-ch U16"]
[Site "Tornelo INT"]
[Date "2021.10.29"]
[Round "1"]
[White "Sayandeep, Roy"]
[Black "Aaditya, Dhingra"]
[Result "1/2-1/2"]
[WhiteElo "1161"]
[BlackElo "1674"]
[PlyCount "105"]
[EventDate "2021.10.29"]
[EventType "swiss"]
[EventRounds "9"]
[EventCountry "NET"]
[SourceTitle "CBM 205 Extra"]
[Source "ChessBase"]
[SourceDate "2022.01.31"]
[SourceVersion "1"]
[SourceVersionDate "2022.01.31"]
[SourceQuality "1"]

1. e4 c5 2. Nc3 Nc6 3. f4 g6 4. Nf3 Bg7 5. Bc4 e6 6. 0-0 Nge7 7. Qe1 0-0 8. d3 d5 9. Bb3 Nd4 10. Nxd4 cxd4 11. Ne2 dxe4 12. dxe4 a5 13. a4 d3 14. Nc3 Nc6 15. Be3 Nd4 16. Rd1 dxc2 17. Bxc2 Nxc2 18. Rxd8 Rxd8 19. Qh4 Bd7 20. Bb6 Re8 21. Rd1 Bc6 22. e5 Nb4 23. Rd8 Raxd8 24. Bxd8 Nd3 25. Bxa5 Nxb2 26. Bc7 Nc4 27. h3 Rc8 28. Bd6 Nxd6 29. exd6 Bxc3 30. Qe7 Re8 31. Qc7 Bf6 32. Kh2 Rd8 33. a5 Rd7 34. Qc8+ Rd8 35. Qc7 Bd5 36. g4 h6 37. h4 g5 38. hxg5 hxg5 39. Kg3 Kg7 40. Qc5 Rd7 41. Qc7 Rd8 42. Qc5 Ra8 43. d7 Rd8 44. Qc7 Be7 45. f5 Bc6 46. a6 Bd5 47. axb7 Bxb7 48. Qxb7 exf5 49. gxf5 Bf6 50. Kg4 Rh8 51. Qd5 Rh4+ 52. Kg3 Rh8 53. Kg4 1/2-1/2